[Event "Belgorod Elo"]
[Site "Belgorod"]
[Date "2007.06.12"]
[Round "17"]
[White "Zhirizhov, Vladimir"]
[Black "Bondarev, Sergey1111"]
[Result "1/2-1/2"]
[WhiteElo "2036"]
[BlackElo "2003"]
[PlyCount "52"]
[EventDate "2007.06.01"]
[EventType "tourn"]
[EventRounds "17"]
[EventCountry "RUS"]
[SourceTitle "EXT 2009"]
[Source "ChessBase"]
[SourceDate "2008.11.26"]
[SourceVersion "1"]
[SourceVersionDate "2008.11.26"]
[SourceQuality "1"]

1. d4 d5 2. c4 e6 3. Nf3 Nf6 4. e3 dxc4 5. Bxc4 Be7 6. Nc3 0-0 7. 0-0 c5 8. dxc5 Bxc5 9. a3 a5 10. Qc2 Nc6 11. Rd1 Bd7 12. b3 Qe7 13. Bb2 Rfd8 14. Nb5 Be8 15. Rac1 Rxd1+ 16. Rxd1 Rd8 17. Rxd8 Qxd8 18. Ng5 h6 19. Bxf6 Qxf6 20. Qh7+ Kf8 21. Ne4 Qa1+ 22. Bf1 b6 23. Qh8+ Ke7 24. Nxc5 bxc5 25. Nd6 Kxd6 26. Qxe8 f5 1/2-1/2

[Event "Belgorod Elo"]
[Site "Belgorod"]
[Date "2007.06.06"]
[Round "9"]
[White "Gorbunova, Alexandra"]
[Black "Zhirizhov, Vladimir"]
[Result "1-0"]
[WhiteElo "1969"]
[BlackElo "2036"]
[PlyCount "63"]
[EventDate "2007.06.01"]
[EventType "tourn"]
[EventRounds "17"]
[EventCountry "RUS"]
[SourceTitle "EXT 2009"]
[Source "ChessBase"]
[SourceDate "2008.11.26"]
[SourceVersion "1"]
[SourceVersionDate "2008.11.26"]
[SourceQuality "1"]

1. d4 Nf6 2. Nf3 d5 3. Bg5 e6 4. e3 Be7 5. c4 h6 6. Bh4 0-0 7. Bd3 dxc4 8. Bxc4 Nbd7 9. 0-0 Nb6 10. Bb3 Ne4 11. Qd3 Nd6 12. Bc2 f5 13. Bxe7 Qxe7 14. Ne5 Qf6 15. Nd2 Nd7 16. f4 Nf7 17. e4 g6 18. exf5 exf5 19. Qg3 Ndxe5 20. fxe5 Qb6 21. Nb3 Kh7 22. Kh1 Be6 23. Rfd1 c6 24. Nc5 Nd8 25. Qa3 Qc7 26. Rac1 b6 27. Nxe6 Nxe6 28. Ba4 c5 29. dxc5 Qxe5 30. cxb6 axb6 31. Qe7+ Kh8 32. Rd7 1-0

[Event "Belgorod Elo"]
[Site "Belgorod"]
[Date "2007.06.05"]
[Round "7"]
[White "Postolov, Petr"]
[Black "Zhirizhov, Vladimir"]
[Result "0-1"]
[WhiteElo "1886"]
[BlackElo "2036"]
[PlyCount "48"]
[EventDate "2007.06.01"]
[EventType "tourn"]
[EventRounds "17"]
[EventCountry "RUS"]
[SourceTitle "EXT 2009"]
[Source "ChessBase"]
[SourceDate "2008.11.26"]
[SourceVersion "1"]
[SourceVersionDate "2008.11.26"]
[SourceQuality "1"]

1. d4 Nf6 2. c4 e6 3. Nf3 Bb4+ 4. Bd2 Qe7 5. a3 Bxd2+ 6. Nbxd2 d5 7. e3 0-0 8. Bd3 Nbd7 9. 0-0 e5 10. dxe5 Nxe5 11. Nxe5 Qxe5 12. Qc2 Be6 13. Nf3 Qh5 14. Be2 Rad8 15. Rad1 c6 16. Nd4 Bg4 17. Bxg4 Nxg4 18. h3 Ne5 19. cxd5 Rxd5 20. Qb3 Rd7 21. Qc2 Rfd8 22. Ne2 Qg6 23. Rxd7 Rxd7 24. Rc1 Nf3+ 0-1

[Event "Belgorod Elo"]
[Site "Belgorod"]
[Date "2007.06.01"]
[Round "1"]
[White "Krupoder, Sergey"]
[Black "Zhirizhov, Vladimir"]
[Result "1/2-1/2"]
[WhiteElo "2145"]
[BlackElo "2036"]
[PlyCount "86"]
[EventDate "2007.06.01"]
[EventType "tourn"]
[EventRounds "17"]
[EventCountry "RUS"]
[SourceTitle "EXT 2009"]
[Source "ChessBase"]
[SourceDate "2008.11.26"]
[SourceVersion "1"]
[SourceVersionDate "2008.11.26"]
[SourceQuality "1"]

1. f4 d5 2. Nf3 c5 3. g3 f5 4. Bg2 Nf6 5. 0-0 e6 6. d3 Be7 7. Nc3 0-0 8. Qe1 Re8 9. e4 Nc6 10. h3 Bf8 11. e5 Nd7 12. a4 b6 13. Ng5 Ndb8 14. g4 Nd4 15. Qf2 h6 16. Nf3 Nbc6 17. Be3 Nxf3+ 18. Qxf3 Bb7 19. Nb5 a6 20. Na3 g6 21. c3 Rb8 22. d4 cxd4 23. cxd4 Qe7 24. Nc2 Rec8 25. Ne1 Nb4 26. Rf2 Rc7 27. Bf1 Kh7 28. gxf5 gxf5 29. Rg2 Qe8 30. Nd3 Rg7 31. Rxg7+ Kxg7 32. Nxb4 Bxb4 33. Bd3 Kh7 34. Kh2 Qf7 35. Qe2 a5 36. Rg1 Rg8 37. Rxg8 Qxg8 38. Bb5 Qf7 39. Bf2 Qc7 40. Qh5 Bd2 41. Kg3 Qg7+ 42. Kf3 Qg6 43. Qxg6+ Kxg6 1/2-1/2